000 00714nam a2200265 a 4500
001 BRCA_2303
005 20190320203741.0
008 190808s2000----sp-a---###---#000-0#spa-#
020 _a848914219X
041 _aspa
044 _asp
050 4 _aZ271
_b.M68 2000
100 1 _aMonje Ayala, Mariano
_96896
245 1 0 _aEl arte de la encuadernación
_cpor Mariano Monje Ayala.
250 _a3
260 _aMadrid
_bClan
_c2000
300 _a465 p.
_bil.
_c24 cm.
500 _aIncluye índice alfabético
500 _aEjemplar engargolado
500 _aPor política no se presta a domicilio
504 _aBibliografía: p. 463
650 1 4 _aEncuadernación
_96897
902 _aeng
942 _2lcc
_cB
999 _c2048
_d2048